000 00768nam a2200253 i 4500
001 81366
003 ES-MaACL
005 20230906174425.0
007 t|
008 041104s1973 sp ||||1| spa d
020 _a84-309-0472-7
080 _a164
100 1 _aHughes, G. E.
_964610
245 1 0 _aIntroducción a la lógica modal /
_cG.E. Hughes y M.J. Cresswell ; [traducción por Esperanza Guisán Seijas].
260 _aMadrid :
_bTecnos,
_c[1973]
300 _a316 p. ;
_c23 cm.
490 1 _aEstructura y función ;
_v39
650 4 _aModalidad (Lógica)
_915122
700 1 _aCresswell, M. J.
_941565
700 1 _aGuisán, Esperanza.
_960899
830 1 _aEstructura y función ;
_v39
_9181428
852 _aES-MaACL
_jC-55587
999 _c81366
_d81366